| 000 | 00771nam a2200277 a 4500 | ||
|---|---|---|---|
| 999 |
_c4861 _d4861 |
||
| 001 | 4861 | ||
| 003 | BD-JhCC | ||
| 005 | 20220608134021.0 | ||
| 008 | 940201r19911968enkb j 000 1 eng d | ||
| 020 | _a014015776X | ||
| 035 | _a(BD-JhCC)4861 | ||
| 040 |
_aBD-JhCC _dBD-JhCC |
||
| 041 | _aeng | ||
| 082 |
_a813.54 _bLEG 1991 |
||
| 100 | 1 |
_aLe Guin, Ursula K., _d1929- |
|
| 245 | 1 | 2 |
_aA wizard of Earthsea / _cUrsula K. Le Guin, |
| 260 |
_aLondon : _bRoc, _c1991 |
||
| 300 |
_a200 p. : _bill. ; _c19 cm |
||
| 500 | _aPart 1 of the Earthsea saga | ||
| 500 | _aOriginally published: Berkeley : Parnassus Press, 1968 | ||
| 650 | _aScience fiction | ||
| 650 | _aEarthsea (Le Guin, Ursula K.) | ||
| 650 | _aWizards | ||
| 650 | _aFantasy fiction | ||
| 942 |
_2ddc _cBK _01 |
||